[Event "Curitiba Parana op"]
[Site "Curitiba"]
[Date "2023.04.21"]
[Round "2"]
[White "De Souza, Adwilhans Luciano"]
[Black "Dos Santos, Eduardo Almeida"]
[Result "1-0"]
[WhiteElo "2327"]
[BlackElo "1909"]
[PlyCount "55"]
[EventDate "2023.04.21"]
[EventType "swiss"]
[EventRounds "6"]
[EventCountry "BRA"]
[SourceTitle "CBM 214 Extra"]
[Source "ChessBase"]
[SourceDate "2023.07.31"]
[SourceVersion "1"]
[SourceVersionDate "2023.07.31"]
[SourceQuality "1"]

1. e4 c5 2. Nf3 d6 3. d4 cxd4 4. Nxd4 Nf6 5. Nc3 a6 6. Bg5 e6 7. f4 Be7 8. Qf3 Qc7 9. 0-0-0 Bd7 10. Bd3 h6 11. Bh4 Bc6 12. Qh3 g5 13. Bxg5 Nbd7 14. e5 dxe5 15. Nxe6 fxe6 16. Bg6+ Kd8 17. Bxf6 Bxf6 18. Qxe6 Kc8 19. Nd5 Bxd5 20. Rxd5 Qc6 21. Rd6 Qa4 22. Rhd1 Rd8 23. Bf5 Kb8 24. Kb1 Ka7 25. Rxd7 Rxd7 26. Rxd7 Qxf4 27. Bd3 Rd8 28. Qxa6+ 1-0

[Event "Curitiba IEP&Copel op"]
[Site "Curitiba"]
[Date "2017.05.13"]
[Round "3"]
[White "Dos Anjos, Diovana Ferreira"]
[Black "Dos Santos, Eduardo Almeida"]
[Result "0-1"]
[WhiteElo "1658"]
[BlackElo "1958"]
[PlyCount "156"]
[EventDate "2017.05.12"]
[EventType "swiss"]
[EventRounds "6"]
[EventCountry "BRA"]
[SourceTitle "CBM 178 Extra"]
[Source "ChessBase"]
[SourceDate "2017.06.22"]
[SourceVersion "1"]
[SourceVersionDate "2017.06.22"]
[SourceQuality "1"]

1. b4 d5 2. Bb2 Nf6 3. a3 Bf5 4. e3 Nbd7 5. Nf3 h6 6. h3 e6 7. c4 dxc4 8. Bxc4 Nb6 9. Bb3 Be7 10. d4 0-0 11. 0-0 Ne4 12. Nbd2 Nd5 13. Nxe4 Bxe4 14. Nd2 Bg6 15. Rc1 c6 16. Qe2 Bd6 17. e4 Nf4 18. Qf3 Bh5 19. g4 Qh4 20. Rc3 Bxg4 21. Qxg4 Qxg4+ 22. hxg4 Ne2+ 23. Kg2 Nxc3 24. Bxc3 Bf4 25. Nc4 Bc7 26. e5 g5 27. Bd2 Rfd8 28. Be3 a5 29. f4 gxf4 30. Rxf4 b5 31. Nxa5 Bxa5 32. bxa5 Rxa5 33. Bc1 b4 34. axb4 Ra1 35. Bb2 Rb1 36. Rf2 Rb8 37. Ba2 Rd1 38. Bc3 Ra8 39. Rc2 Ra3 40. Bc4 Kg7 41. b5 cxb5 42. Bxb5 Rxc3 43. Rxc3 Rxd4 44. Be2 Re4 45. Kf3 Rxe5 46. Rc7 h5 47. gxh5 Rxh5 48. Kf4 Rf5+ 49. Kg4 Kf6 50. Rc4 Rg5+ 51. Kf3 Ra5 52. Bd3 Ra7 53. Rg4 Ke5 54. Rf4 f5 55. Kg3 Ra3 56. Rf3 Kf6 57. Bb5 Ra7 58. Re3 e5 59. Rc3 Kg5 60. Rc5 Ra3+ 61. Kg2 Kf4 62. Rc4+ e4 63. Bd7 Ra2+ 64. Kf1 Ke3 65. Be6 Ra5 66. Kg2 f4 67. Rc2 f3+ 68. Kh2 Ra1 69. Rc3+ Kd2 70. Rc5 f2 71. Bh3 f1Q 72. Bxf1 Rxf1 73. Kg2 Rf7 74. Rd5+ Ke2 75. Ra5 Rg7+ 76. Kh1 e3 77. Ra2+ Kf1 78. Ra1+ Kf2 0-1

[Event "Curitiba IEP&Copel op"]
[Site "Curitiba"]
[Date "2017.05.12"]
[Round "1"]
[White "Lukjanenko Callegari, Lucca"]
[Black "Dos Santos, Eduardo Almeida"]
[Result "0-1"]
[WhiteElo "1311"]
[BlackElo "1958"]
[PlyCount "60"]
[EventDate "2017.05.12"]
[EventType "swiss"]
[EventRounds "6"]
[EventCountry "BRA"]
[SourceTitle "CBM 178 Extra"]
[Source "ChessBase"]
[SourceDate "2017.06.22"]
[SourceVersion "1"]
[SourceVersionDate "2017.06.22"]
[SourceQuality "1"]

1. c4 Nf6 2. Nf3 g6 3. g3 Bg7 4. Bg2 d5 5. d4 0-0 6. cxd5 Nxd5 7. e4 Nb6 8. 0-0 Bg4 9. e5 Nc6 10. h3 Bxf3 11. Bxf3 Nxd4 12. Bxb7 Rb8 13. Bg2 Bxe5 14. Re1 Bf6 15. Nc3 Ne6 16. Rb1 Qxd1 17. Rxd1 Rfd8 18. Bh6 Nc4 19. Rxd8+ Rxd8 20. Nd5 Rb8 21. Nxf6+ exf6 22. Bf1 Rxb2 23. Rxb2 Nxb2 24. Be2 c5 25. Bc1 Na4 26. Be3 Kf8 27. Bb5 Nb6 28. a4 Nd5 29. Bd2 Nd4 30. Be3 Nb3 0-1